00305nam a2200121Ia 45000030006000000080041000060400015000471000033000622450026000952600033001215460012001540050017001660STCL150530s9999 xx 000 0 und d aSTCLcSTCL aBrowne; Chopra, D.K.; Editor aBrowne religio medici bLakshmi Narain Agarwalc1960 aEnglish20220125171144.0